00571 2200205 4500001002100000005001500021035002000036007000300056008004100059020002200100082001000122084001600132100001700148245006600165250001100231260005100242300004200293650001200335700001800347INLIS00000000000102720210802073338 a0010-0821000003ta210802 g 0 ind  a978-979-91-1231-6 a928.1 a928.1 L.R w0 aL.R. Baskoro1 aWahid Hasyim :bUntuk Republik Dari Tebuireng /cL.R. Baskoro aCet. 1 aJakarta :bKepustakaan Populer Gramedia,c2011 axi + 132 hlm. :bilus. ;c16 x 23 cm. aSejarah0 aBagja Hidayat